[Event "Bad Griesbach Seniors op 7th"]
[Site "Bad Griesbach"]
[Date "2004.12.08"]
[Round "4"]
[White "Klimpel, Siegfried"]
[Black "Mauruschat, Hans Heinrich"]
[Result "1/2-1/2"]
[WhiteElo "1664"]
[BlackElo "1813"]
[PlyCount "144"]
[EventDate "2004.12.05"]
[EventType "swiss"]
[EventRounds "7"]
[EventCountry "GER"]
[SourceTitle "EXT 2006"]
[Source "ChessBase"]
[SourceDate "2005.11.24"]
[SourceVersion "1"]
[SourceVersionDate "2005.11.24"]
[SourceQuality "1"]

1. e4 e5 2. Nf3 Nc6 3. Bc4 Nf6 4. Ng5 d5 5. exd5 Na5 6. Bb5+ c6 7. dxc6 bxc6 8. Be2 h6 9. Nh3 Bd6 10. d4 exd4 11. Qd3 0-0 12. 0-0 Be6 13. b3 c5 14. c4 Qc7 15. Kh1 Nc6 16. f4 Bg4 17. Bxg4 Nxg4 18. Qf3 f5 19. Nf2 Nf6 20. Na3 a6 21. Nc2 Rae8 22. a3 Ne4 23. b4 Nxf2+ 24. Rxf2 Re4 25. Bd2 Qf7 26. Qd3 Qc7 27. Qf3 a5 28. b5 Nb8 29. Rb1 Qb6 30. Qb3 Nd7 31. Re1 Kh7 32. Qh3 Rxe1+ 33. Nxe1 Bc7 34. Nf3 g6 35. Re2 Bd8 36. Qg3 Nf6 37. Ne5 Ne4 38. Qe1 Qe6 39. Bxa5 Bf6 40. Bc7 Bxe5 41. Bxe5 Qxc4 42. b6 Qb5 43. Bc7 Rf7 44. a4 Qa6 45. Rb2 Qb7 46. Qc1 d3 47. Qc4 Rd7 48. Qe6 Rxc7 49. bxc7 Qxc7 50. Qd6 d2 51. Rxd2 Nxd2 52. Qxd2 c4 53. Kg1 Qa7+ 54. Kf1 Qxa4 55. Qd6 Qa1+ 56. Kf2 Qa7+ 57. Ke2 Qb7 58. Kd1 Qb1+ 59. Ke2 Qb2+ 60. Kd1 Qg7 61. Qc5 Qf7 62. Kc2 g5 63. fxg5 hxg5 64. Kc3 Kg6 65. Qxc4 Qxc4+ 66. Kxc4 Kh5 67. Kd4 Kg4 68. Ke3 Kh5 69. Kf3 Kg6 70. Ke2 Kf6 71. g3 g4 72. Kd3 Ke6 1/2-1/2